Au dela du salariat l'organisation sociale du travail

Salvato in:
Dettagli Bibliografici
Autore principale: Maire, Louis
Natura: Libro
Lingua:francese
Pubblicazione: Lausanne Payot 1945
Tags: Aggiungi Tag
Nessun Tag, puoi essere il primo ad aggiungerne!!

MARC

LEADER 00000nam a2200000 4500
001 c126625
005 20041019155238.5
041 0 |a fre 
044 |a CH 
245 1 0 |a Au dela du salariat  |b l'organisation sociale du travail  |c Louis Maire 
264 1 |a Lausanne  |b Payot  |c 1945 
300 |a 465 s. 
100 1 |a Maire, Louis